List of Atlantic Category 5 Hurricanes (1979-present) - Statistics

General Stats
  • This quiz has been taken 389 times
    14 since last reset
  • The average score is 22 of 27
Answer Stats
Year Wind Speed Answer % Correct
2005 175 Katrina
100%
1992 175 Andrew
91%
2024 165 Beryl
91%
2022 160 Ian
91%
2017 180 Irma
91%
2005 185 Wilma
91%
1980 190 Allen
82%
2007 175 Dean
82%
2019 185 Dorian
82%
2005 160 Emily
82%
2025 160 Erin
82%
1988 185 Gilbert
82%
2025 160 Humberto
82%
2004 165 Ivan
82%
2019 160 Lorenzo
82%
2017 175 Maria
82%
2016 165 Matthew
82%
2025 185 Melissa
82%
2018 160 Michael
82%
2024 180 Milton
82%
1998 180 Mitch
82%
2005 180 Rita
82%
1979 175 David
73%
2007 175 Felix
73%
1989 160 Hugo
73%
2023 165 Lee
73%
2003 165 Isabel
64%
No matching quizzes found
Score Distribution
Percent of People with Each Score
Percentile by Number Answered
Your Score History
You have not taken this quiz since the last reset